000 00960nam a2200253 a 4500
005 20210223130550.0
008 080729s1981 mx r 000 0 spa d
035 _aUPN01000158430
049 _aUNE
080 _a372.32 (861) =20 OCH No.60.
100 1 _aOchoa Nuñez, Hernando
245 1 0 _aCo-operative child care within the community :
_ban innovative Colombian experiment concerning the pre-school age child /
_cHernando Ochoa Nuñez.
260 _aParís :
_bUNESCO ;
_aNew York :
_bUNICEF ;
_c1981.
300 _a11 p.
440 0 _aNotes, Comments... ;
_v60.
500 _aIncluye bibliografía.
690 _aEducación preescolar - Participación comunitaria - Colombia
690 _aServicios de salud - Educación preescolar - Colombia
690 _aColombia - Educación preescolar - Participación comunitaria
710 2 _aUNESCO
710 2 _aUNICEF
_924085
710 2 _aWFP.
_bPrograma de Alimentación Mundial.
905 _aUNESCO
999 _c130544
_d130544